| 000 | 00620nam a2200193 i 4500 | ||
|---|---|---|---|
| 001 | 185483 | ||
| 003 | ES-MaACL | ||
| 005 | 20230906222440.0 | ||
| 008 | 160610s1977 ag |||| | spa d | ||
| 080 | _a233-852.5 Yoga | ||
| 080 | _a233-583 | ||
| 100 | 1 |
_aChoisy, Maryse. _9159823 |
|
| 245 | 1 | 0 |
_aYoga y psicoanálisis _b: ensayo sobre las técnicas hindúes para la sublimación / _cMaryse Choisy. |
| 260 |
_aBuenos Aires : _bDédalo, _c[1977] |
||
| 300 |
_a253 p. ; _c20 cm. |
||
| 650 | 4 |
_aYoga. _917859 |
|
| 650 | 4 |
_aMeditación- _xHinduismo. _9149597 |
|
| 852 |
_aES-MaACL _jL-30371 _z. - Donat. Miguel A. Velasco |
||
| 999 |
_c185483 _d185483 |
||